000 00571nam a2200217 i 4500
001 C2-0223922
003 PPAK
005 20180728152627.0
008 000311s xx a|||| ||||| | eng d
040 _aPPAK
_beng
_cPPAK
_erda
082 0 4 _a629.133
_223
090 0 0 _a629.133
_bASI
_dR
245 0 0 _aAsian Air;ines and Aerospace
264 1 _cJan-Aug 1997
300 _avarious pages :
_bcolour illustrations
336 _2rdacontent
_atext
337 _2rdamedia
_aunmediated
338 _2rdacarrier
_avolume
650 1 0 _aAirlines - periodicals
942 _ddc
_cB
999 _c144956
_d144956